000 00699nam a2200229 a 4500
001 63292
003 BD-RjUL
005 20211209081158.0
008 170129s1994 bg ||||| |||| 00| 0 eng d
035 _a(BD-RjUL)63421
040 _aBD-RjUL
_beng
_cBD-RjUL
041 _aeng
082 _a909.09821
_bHUC 1994
100 _aHusain, Syed Sajjad
_9188347
245 1 0 _aCivilization and society /
_cSyed Sajjad Husain
260 _aDhaka, Bangladesh :
_bBangladesh Institute of Islamic Thought,
_c1994
300 _aii, 313 p. ;
_c23 cm
650 _aCivilization.
_9170722
_y20th century
650 _aCivilization, Western.
_9187951
650 _aIslamic civilization.
_9176041
942 _2ddc
_cBK
999 _c63292
_d63292